Представление документа в формате MARC21

Поле Инд. ПП Название Значение
Тип записи a
Библиографический уровень m
001 Контрольный номер 4793ef48914d408987c11bcbdbb82670
005 Дата корректировки 20250711154739.4
008 Кодируемые данные 250529|||||||||ru |||||||||||||||||rus||
040 a Служба первич. каталог. DE
b Код языка каталог. rus
e Правила каталог. PSBO
084 a Индекс другой классификации/Индекс ББК 95+65я43+65.9(2Рос-4Мур)
090 a Полочн. индекс 95
x Авторский знак М 91
110 2_ a Организация/ юрисдикция Мурманский арктический университет
203 a Вид содержания Текст
c Тип средства электронный
245 10 a Заглавие Экономика. Менеджмент. Арктика
c Ответственность Министерство науки и высшего образования Российской Федерации, Федеральное государственное автономное образовательное учреждение высшего образования "Мурманский арктический университет" ; редколлегия: А. Ю. Распопова, С. В. Беспалова, З. Ю. Желнина, С. Б. Савельева [и др.]
b Продолж. заглавия материалы V студенческой научно-практической конференции Декады науки Института креативных индустрий и предпринимательства, Мурманск, 9–19 декабря 2024 г.
b Продолж. заглавия научное электронное издание
h Физич. носитель Электронный ресурс
260 a Место издания Мурманск
b Издательство Изд-во МАУ
c Дата издания 2025
300 a Объем 1 опт. компакт-диск (CD-ROM)
500 a Примечание Систем. требования: PC не ниже класса Pentium II 128 Mb RAM ; Windows 9x–10 ; свободное место на HDD 131 Мб ; привод для компакт дисков CD-ROM 2-х и выше
500 a Примечание Загл. с этикетки диска
500 a Примечание Имеется электрон. аналог 2025 г.
500 a Примечание Библиогр. в конце ст.
520 0_ a Аннотация Сборник материалов подготовлен по результатам работы V студенческой научно-практической конференции "Экономика. Менеджмент. Арктика", проведенной в рамках Декады науки в Институте креативных индустрий и предпринимательства ФГАОУ ВО "Мурманский арктический университет" в декабре 2024 года. Представленные материалы охватывают широкий спектр вопросов в области туризма, менеджмента, логистики, образования, управления персоналом, дизайна, урбанистики и могут быть полезны для научных работников, преподавателей, аспирантов, студентов и всех интересующихся проблемами устойчивого развития Арктической зоны Российской Федерации.
583 x Служебное примечание Полнотекстовые документы
x Служебное примечание Труды преподавателей МАУ
650 04 a Основная рубрика Арктика-Экономика-Материалы конференции
651 _4 a Географическое наименование Арктика
653 0_ a Ключевые слова Труды преподавателей МАУ
a Ключевые слова 2D-модель; Big Data; Абстракция; Айдентика; Антикафе; Арктический туризм; Арт-объект; Арт-туризм; Банкротство предприятий; Библиотеки; Бренды; Бюджет; ВВП; Ветроэлектростанции; Ветроэнергетика; Визуальная метафора; Визуальный стиль; Внутренний региональный продукт; Виртуальные экскурсии; Возобновляемые источники энергии; ВРП; Геймификация; Городская среда; Гражданская наука; Графическая новелла; Графический дизайн; Грузооборот; Группа компаний "NOREBO"; Дивидендная политика; Дизайн-проект; Дополнительное образование; Железнодорожный транспорт; Зимний туризм; Имидж; Имидж библиотеки; Инвестиции; Индустрия гостеприимства; Инкотермс; Инновационная деятельность; Инновационная инфраструктура; Интеллект; Информационные технологии в экономике; Искусственный интеллект; Карбас; Кинотуризм; Кольская ВЭС; Комерциализация инноваций; Комиксы; Компания "Инарктика"; Компания "Новатэк"; Конференции Всероссийские; Концепт-арт; Корпоративное управление; Корпоративный стиль; Котокафе; Креативность; Креативные индустрии; Критическое мышление; Ледокол "Ленин"; Логистика; Магазины одежды; Малое предпринимательство; Материалы конференций; Международное сотрудничество; Менеджмент финансовый; Метафора; Минеральное топливо; Мотивация; Музей военный; Музей школьный; Мурманский морской торговый порт; Нефтегазовый сектор; Нефтетрейдинг; Нефть; Нефтяные рынки; Оборудование погрузочное; Общеобразовательная школа; Платежеспособность; Подвижной состав; Полиграфия; Полярные экспедиции; Поморские лодки; Природные индустрии; Природный газ; Проектная деятельность; Профессиональное образование; Радиолюбительство; Региональная культура; Реклама; Реновация; Рыболовство; Рынок ценных бумаг; Санкции; Сборники научных статей; Сервис; Символика; Снежные туры; Творческое мышление; Текстиль; Технопарки; Типографика; Товарооборот; Торгово-промышленная палата; Транспортная инфраструктура; Туризм; Упаковка; Финансовая устойчивость; Финансовый анализ; Фирменный стиль; Художественное творчество; Цифровизация образования; Шрифтовые логотипы; Шрифты; Эмоции; Этикетки
a Ключевые слова Электронные ресурсы
700 12 a Другие авторы Распопова А. Ю.
e Роль лиц Редактор
700 12 a Другие авторы Беспалова С. В.
e Роль лиц Редактор
700 12 a Другие авторы Желнина З. Ю.
e Роль лиц Редактор
700 12 a Другие авторы Савельева С. Б.
e Роль лиц Редактор
700 12 a Другие авторы Скотаренко О. В.
e Роль лиц Редактор
700 12 a Другие авторы Терещенко Е. Ю.
e Роль лиц Редактор
700 12 a Другие авторы Уткова М. А.
e Роль лиц Редактор
900 a Имя макрообъекта Экономика. Менеджмент. Арктика. 2024
901 t Тип документа m